000 00284nam a2200133Ia 4500
100 _aHarrington/Steven
942 _cBK
654 _aComputers Graphics
245 _aComputer Graphics
260 _bMcGraw Hill
_aNew York
_c1987
300 _a466
546 _aENGLISH
999 _c25041
_d25041